[Event "WUCC op 11th"]
[Site "Zuerich"]
[Date "2010.09.05"]
[Round "1"]
[White "Fernando, SK Akila"]
[Black "Darini, Pouria"]
[Result "0-1"]
[WhiteElo "2053"]
[BlackElo "2430"]
[PlyCount "64"]
[EventDate "2010.09.05"]
[EventType "swiss"]
[EventRounds "9"]
[EventCountry "SUI"]
[SourceTitle "CBM 138 Extra"]
[Source "ChessBase"]
[SourceDate "2010.10.29"]
[SourceVersion "1"]
[SourceVersionDate "2010.10.29"]
[SourceQuality "1"]

1. e4 c5 2. Nc3 a6 3. g3 b5 4. Bg2 Bb7 5. d3 e6 6. Nge2 Nf6 7. 0-0 d6 8. f4 Qc7 9. f5 e5 10. a4 b4 11. Nb1 c4 12. h3 cxd3 13. cxd3 d5 14. Bg5 Nbd7 15. Nd2 Bc5+ 16. Kh2 0-0 17. g4 h6 18. Bh4 Be3 19. exd5 Nxd5 20. Bxd5 Bxd5 21. Ne4 f6 22. Bf2 Bxf2 23. Rxf2 Rfd8 24. N2g3 Rac8 25. Qe2 Nc5 26. h4 Bxe4 27. dxe4 Nd3 28. Rff1 Qc2 29. Qxc2 Rxc2+ 30. Kg1 Nf4 31. Nh5 Nh3+ 32. Kh1 Rdd2 0-1